| 000 | 01661nam a2200277Ia 4500 | ||
|---|---|---|---|
| 999 |
_c54125 _d54125 |
||
| 001 | 21180 | ||
| 003 | GE_BSU | ||
| 005 | 20210715183346.0 | ||
| 008 | 181216s||||||||xx |||||||||||||| ||und|| | ||
| 020 | _a9789941108631 | ||
| 040 | _cGE_BSU | ||
| 041 | _ageo | ||
| 080 | _a343.23 ხ-92 | ||
| 100 |
_aხარანაული, ლევან _96352 |
||
| 245 |
_aდაუმთავრებელი დანაშაულის დასჯადობა ქართული და გერმანული სისხლის სამართლის მიხედვით : _b(შედარებით-სამართლებრივი ანალიზი) წიგნი 2 / _cლევან ხარანაული ; სამეცნიერო რედ. მერაბ ტურავა. |
||
| 264 |
_aთბილისი : _bმერიდიანი, _c2014. |
||
| 300 |
_aXXV, 404 გვ. ; _c24 სმ. |
||
| 504 | _aბიბლიოგრაფია ტექსტის შენიშვნებში და გვ. : 386-404 | ||
| 541 | _h17ლ. | ||
| 546 | _aთავფურცელი მე-3 გვ. ინგლისურ ენაზე, მე-5 გვ. გერმანულ ენაზე | ||
| 653 | _aდანაშაული ქართულ სამართალში | ||
| 653 | _aდანაშაული გერმანულ სამართალში | ||
| 653 | _aსამართალი | ||
| 700 |
_aტურავა, მერაბ _eსამეცნიერო რედაქტორი _99269 |
||
| 942 |
_cBK _2udc |
||